Подробности
| 000 -МАРКЕР |
| контрольное поле |
02138nam0a2200385 4500 |
| 001 - ИДЕНТИФИКАТОР ЗАПИСИ |
| контрольное поле |
RU\NLR\bibl\103257 |
| 005 - ИДЕНТИФИКАТОР ВЕРСИИ |
| контрольное поле |
20260429112235.0 |
| 010 ## - МЕЖДУНАРОДНЫЙ СТАНДАРТНЫЙ НОМЕР КНИГИ (ISBN) |
| Номер (ISBN) |
5-87941-107-9 |
| Тираж |
250 |
| 021 ## - НОМЕР ГОСУДАРСТВЕННОЙ РЕГИСТРАЦИИ |
| Код страны |
Российская Федерация |
| Номер |
2000-13905 |
| Номер Листа государственной регистраци |
674 |
| 035 ## - ДРУГИЕ СИСТЕМНЫЕ НОМЕРА |
| Идентификатор записи |
(NLR Aleph) 000101010 |
| 100 ## - ДАННЫЕ ОБЩЕЙ ОБРАБОТКИ |
| Данные общей обработки |
20000814d1999 u y0rusy50 ca |
| 101 0# - ЯЗЫК РЕСУРСА |
| Язык текста, звукозаписи и т.д. |
русский |
| 102 ## - СТРАНА ПУБЛИКАЦИИ ИЛИ ПРОИЗВОДСТВА |
| Страна публикации |
Российская Федерация |
| 105 ## - ПОЛЕ КОДИРОВАННЫХ ДАННЫХ: ТЕКСТОВЫЕ МАТЕРИАЛЫ, МОНОГРАФИЧЕСКИЕ |
| Кодированные данные о монографическом текстовом документе |
a ||||||||| |
| 200 1# - ЗАГЛАВИЕ И СВЕДЕНИЯ ОБ ОТВЕТСТВЕННОСТИ |
| Основное заглавие |
Математические методы исследования устойчивости и колебаний упругих систем |
| Сведения, относящиеся к заглавию |
Учеб. пособие |
| Первые сведения об ответственности |
В.А. Брусин, Е.Н. Смирнов, Б.Л. Мазов |
| Последующие сведения об ответственности |
М-во образования Рос. Федерации, Нижегор. гос. архит.-строит. ун-т |
| 210 ## - ПУБЛИКАЦИЯ, РАСПРОСТРАНЕНИЕ И ДР. |
| Место издания, распространения и т.д. |
Н. Новгород |
| Имя издателя, распространителя и т. д. |
ННГАСУ |
| Дата издания, распространения и т.д. |
1999 |
| 215 ## - ФИЗИЧЕСКАЯ ХАРАКТЕРИСТИКА |
| Специфическое обозначение материала и объем |
47,[1] с. |
| Другие сведения о физической характеристике |
ил. |
| Размеры |
20 |
| 320 ## - ПРИМЕЧАНИЯ О НАЛИЧИИ В ДОКУМЕНТЕ БИБЛИОГРАФИИ / УКАЗАТЕЛЯ |
| Текст примечания |
Библиогр.: с. 47 (12 назв.) |
| 606 0# - НАИМЕНОВАНИЕ ТЕМЫ КАК ПРЕДМЕТ |
| Наименование темы |
Упругие системы |
| Формальный подзаголовок |
Руководства, пособия и т.п. для высшей школы |
| Тематический подзаголовок |
Устойчивость |
| Системный номер авторитетной/нормативной записи |
1835656 |
| Идентификатор авторитетной/нормативной записи |
RU\NLR\auth\661122325 |
| 606 0# - НАИМЕНОВАНИЕ ТЕМЫ КАК ПРЕДМЕТ |
| Наименование темы |
Упругие системы |
| Формальный подзаголовок |
Учебные издания для высшей школы |
| Тематический подзаголовок |
Устойчивость |
| Системный номер авторитетной/нормативной записи |
1835656 |
| Идентификатор авторитетной/нормативной записи |
RU\NLR\auth\661122325 |
| 606 0# - НАИМЕНОВАНИЕ ТЕМЫ КАК ПРЕДМЕТ |
| Наименование темы |
Колебания упругие |
| Формальный подзаголовок |
Руководства, пособия и т.п. для высшей школы |
| Системный номер авторитетной/нормативной записи |
1317024 |
| Идентификатор авторитетной/нормативной записи |
RU\NLR\auth\66546765 |
| 606 0# - НАИМЕНОВАНИЕ ТЕМЫ КАК ПРЕДМЕТ |
| Наименование темы |
Упругие колебания |
| Формальный подзаголовок |
Учебные издания для высшей школы |
| Системный номер авторитетной/нормативной записи |
2252306 |
| Идентификатор авторитетной/нормативной записи |
RU\NLR\auth\661350899 |
| 686 ## - ИНДЕКСЫ ДРУГИХ КЛАССИФИКАЦИЙ |
| Индекс |
В251.1с11я73-1 |
| 700 #1 - ИМЯ ЛИЦА - ПЕРВИЧНАЯ ОТВЕТСТВЕННОСТЬ |
| Начальный элемент ввода |
Брусин |
| Часть имени, кроме начального элемента ввода |
В. А. |
| Расширение инициалов личного имени |
Владимир Александрович |
| Код отношения |
Автор |
| 701 #1 - ИМЯ ЛИЦА - АЛЬТЕРНАТИВНАЯ ОТВЕТСТВЕННОСТЬ |
| Код отношения |
Автор |
| Графика поля |
Кириллица |
| Материалы, к которым относится поле |
rus |
| Начальный элемент ввода |
Смирнов |
| Часть имени, кроме начального элемента ввода |
Е. Н. |
| Дополнения к именам, кроме дат |
канд. физ.-мат. наук, математика |
| Расширение инициалов личного имени |
Евгений Николаевич |
| Системный номер авторитетной/нормативной записи |
2707219 |
| Идентификатор авторитетной/нормативной записи |
RU\NLR\AUTH\770293013 |
| 701 #1 - ИМЯ ЛИЦА - АЛЬТЕРНАТИВНАЯ ОТВЕТСТВЕННОСТЬ |
| Начальный элемент ввода |
Мазов |
| Часть имени, кроме начального элемента ввода |
Б. Л. |
| Расширение инициалов личного имени |
Богдан Львович |
| Код отношения |
Автор |
| 801 #0 - ИСТОЧНИК ЗАПИСИ |
| Страна |
Российская Федерация |
| Организация |
NLR |
| Дата составления |
20000814 |
| Правила каталогизации |
PSBO |
| 801 #1 - ИСТОЧНИК ЗАПИСИ |
| Страна |
Российская Федерация |
| Организация |
NLR |
| Дата составления |
20000814 |
| 830 ## - ОБЩЕЕ ПРИМЕЧАНИЕ, СОСТАВЛЕННОЕ КАТАЛОГИЗАТОРОМ |
| Текст примечания |
Авт. по кн. |
| 852 ## - МЕСТОНАХОЖДЕНИЕ И ШИФР ХРАНЕНИЯ |
| Идентификатор организации |
NLR |
| Шифр хранения (Call Number) |
2000-4/3856 |
| 942 ## - ДОПОЛНИТЕЛЬНЫЕ ЭЛЕМЕНТЫ ЗАПИСИ (АБИС) |
| Тип экземпляра АБИС |
Книга |
| 980 ## - КОЛЛЕКЦИЯ |
| Название коллекции |
Национальная библиография |